000 01067nam a2200289 i 4500
001 183179
003 ES-MaACL
005 20250524180318.0
008 140128s1986 sp |||| |bspa d
020 _a84-01-45060-2
080 _a1 Schopenhauer, Arthur
080 _a1 Nietzsche, Friedrich
080 _a159.9 Freud, Sigmund
100 0 _aMann, Thomas,
_d1875-1955
_976055
245 1 0 _aSchopenhauer, Nietzsche, Freud /
_cThomas Mann ; [traducción de Andrés Sánchez Pascual].
250 _a1ª ed.
260 _aEsplugues de Llobregat (Barcelona) :
_bPlaza & Janés,
_c1986.
300 _a253 p. ;
_c18 cm.
490 1 _aTribuna de Plaza & Janés ;
_v65. Biografías
600 1 4 _aSchopenhauer, Arthur,
_d1788-1860
_9240710
600 1 4 _aNietzsche, Friedrich,
_d1844-1900
_985718
600 1 4 _aFreud, Sigmund,
_d1856-1939
_952547
700 1 _aSánchez Pascual, Andrés.
_9102833
830 0 _aTribuna de Plaza & Janés ;
_v65. Biografías
_9191883
852 _aES-MaACL
_jL-30002
_z.- Donat. Miguel A. Velasco
999 _c183179
_d183179